Clean water (Record no. 19829)

MARC details
000 -LEADER
fixed length control field 00343nam a2200145Ia 4500
003 - CONTROL NUMBER IDENTIFIER
control field OSt
082 ## - DEWEY DECIMAL CLASSIFICATION NUMBER
Classification number 333.91
Item number IGI/CL
245 ## - TITLE STATEMENT
Title Clean water
260 ## - PUBLICATION, DISTRIBUTION, ETC. (IMPRINT)
Place of publication, distribution, etc Mumbai
Name of publisher, distributor, etc Indira Gandhi Institute of Development Research
Date of publication, distribution, etc 1987
300 ## - PHYSICAL DESCRIPTION
Extent 24
440 ## - SERIES TITLE
Title Environmnetal governance
Volume Number 1
546 ## - LANGUAGE
Language note English
700 ## - ADDED ENTRY--PERSONAL NAME
Personal name IGIDR
942 ## - ADDED ENTRY ELEMENTS (KOHA)
Source of classification or shelving scheme Dewey Decimal Classification
Koha item type Report

No items available.

Kerala Agricultural University Central Library
Thrissur-(Dt.), Kerala Pin:- 680656, India
Ph : (+91)(487) 2372219
E-mail: librarian@kau.in
Website: http://library.kau.in/